Crowdsourcing support of land administration (Record no. 114587)

MARC details
000 -LEADER
fixed length control field 01022cad a22002295a 4500
001 - CONTROL NUMBER
control field L157089
008 - FIXED-LENGTH DATA ELEMENTS--GENERAL INFORMATION
fixed length control field 120829s2011 xxk f 000 0 eng d
020 ## - INTERNATIONAL STANDARD BOOK NUMBER
International Standard Book Number 9781842198278
035 ## - SYSTEM CONTROL NUMBER
System control number (Sirsi) u157089
041 0# - LANGUAGE CODE
Language code of text/sound track or separate title eng
100 1# - MAIN ENTRY--PERSONAL NAME
Personal name McLaren, Robin
245 00 - TITLE STATEMENT
Title Crowdsourcing support of land administration
Remainder of title a new, collaborative partnership between citizens and land professionals
260 ## - PUBLICATION, DISTRIBUTION, ETC.
Place of publication, distribution, etc. London
Name of publisher, distributor, etc. RICS
Date of publication, distribution, etc. 2011
490 #0 - SERIES STATEMENT
Series statement RICS Research
520 ## - SUMMARY, ETC.
Summary, etc. Looks at crowd sourcing as a method of creating a partnership between land professionals and citizens to capture and maintain information about land rights in areas where there are no, or inadequate, land administration systems.
650 24 - SUBJECT ADDED ENTRY--TOPICAL TERM
Topical term or geographic name entry element CROWDFUNDING
650 24 - SUBJECT ADDED ENTRY--TOPICAL TERM
Topical term or geographic name entry element CROWDSOURCING
651 #4 - SUBJECT ADDED ENTRY--GEOGRAPHIC NAME
Geographic name United Kingdom
690 ## - LOCAL SUBJECT ADDED ENTRY--TOPICAL TERM (OCLC, RLIN)
Topical term or geographic name as entry element Planning and development
9 (RLIN) 6259
856 40 - ELECTRONIC LOCATION AND ACCESS
Uniform Resource Identifier <a href="https://www.rics.org/profession-standards/knowledge-and-information-services/document-delivery-and-other-kis-fees">https://www.rics.org/profession-standards/knowledge-and-information-services/document-delivery-and-other-kis-fees</a>
Public note email [email protected] to request a copy
942 ## - ADDED ENTRY ELEMENTS (KOHA)
Suppress in OPAC 0
Source of classification or shelving scheme Dewey Decimal Classification
Holdings
Withdrawn status Lost status Source of classification or shelving scheme Damaged status Not for loan Home library Current library Shelving location Date acquired Total Checkouts Full call number Date last seen Copy number Price effective from Koha item type Public note
    Dewey Decimal Classification     Archives Archives RICS Boxes 14/11/2023   RICS 2011/70 14/11/2023   14/11/2023 Book  
    Dewey Decimal Classification     Virtual Virtual Online 29/08/2012   SCAN 31/10/2023 1 06/08/2019 Book Please contact [email protected] to request a digital copy